Sports Quiz

Random Sports or NFL Quiz

NFL Top 50 Single Season Passing Yards Leaders Quiz Stats

Quiz not verified by Sporcle

Challenge
Share
Tweet
Embed
Score 0/50 Timer 03:00
0 Plays Today
Passing Yards Player % Correct
4,933Eli Manning
100%
4,700Peyton Manning
100%
4,659Peyton Manning
100%
4,557Peyton Manning
100%
4,500Peyton Manning
100%
4,413Peyton Manning
100%
4,397Peyton Manning
100%
5,476 Drew Brees
99.8%
5,235Tom Brady
99.8%
5,177Drew Brees
99.8%
5,069Drew Brees
99.8%
4,827Tom Brady
99.8%
4,806Tom Brady
99.8%
4,620Drew Brees
99.8%
4,423Drew Brees
99.8%
4,418Drew Brees
99.8%
4,398Tom Brady
99.8%
4,388Drew Brees
99.8%
5,084Dan Marino
99.6%
4,746Dan Marino
99.6%
4,453Dan Marino
99.6%
4,434Dan Marino
99.6%
4,903Tony Romo
99.5%
4,483Tony Romo
99.5%
4,710Philip Rivers
99.3%
Passing Yards Player % Correct
4,643Aaron Rodgers
99.3%
4,624Philip Rivers
99.3%
4,434Aaron Rodgers
99.3%
5,038Matthew Stafford
98.9%
4,967Matthew Stafford
98.9%
4,413Brett Favre
98.7%
4,830Kurt Warner
98.6%
4,583Kurt Warner
98.6%
4,719Matt Ryan
98.4%
4,770Matt Schaub
97.5%
4,370Matt Schaub
97.5%
4,374Andrew Luck
96.9%
4,717Daunte Culpepper
96.4%
4,555Drew Bledsoe
95.1%
4,690Warren Moon
94.9%
4,689Warren Moon
94.9%
4,689Rich Gannon
94.4%
4,802Dan Fouts
91.2%
4,715Dan Fouts
91.2%
4,526Jay Cutler
89%
4,367Mark Brunell
87.9%
4,591Trent Green
85.6%
4,436Steve Beuerlein
56%
4,614Neil Lomax
41.2%
4,458Lynn Dickey
37.9%

You're not logged in!

Compare scores with friends on all Sporcle quizzes.
Join for Free
OR
Log In

You Might Also Like...

Show Comments

Extras

Top Quizzes Today


Score Distribution

Your Account Isn't Verified!

In order to create a playlist on Sporcle, you need to verify the email address you used during registration. Go to your Sporcle Settings to finish the process.

Report this User

Report this user for behavior that violates our Community Guidelines.

Details: